000 00202 a2200097 4500
001 10163
100 _aHudson, G F
245 _aFar Eastern affairs No 2
260 _a
_bChatto
_c
090 _c7896
_d7896
942 _aNUST-CAE
_cM
_c34595
999 _c245236
_d245236